Propuesta para el desarrollo de una aplicación para administrar los servicios del registro civil de las alcaldías de los municipios del departamento de Managua

Presenta una presenta que consiste en desarrollar un mismo sistema para las ocho municipales, para armonizar los procesos de trabajo utilizando herramientas informáticas. Todo este siempre guiados por el manual del registrador aprobado por el CSE.

Bibliographic Details
Main Authors: Sánchez Cortéz, Mauricio Ramón, Hamerlin Ramón, Silva, Rodríguez Velázquez, Alejandro José
Other Authors: Tutor: Chávez Mairena, Luis Eduardo
Format: Tesis Section = Libro
Language:Undetermined
Spanish
Published: Managua UNI 2008
Subjects:
LEADER 01250nam a2200277Ia 4500
008 240830s9999 xx 000 0 und d
040 |a BIBLIOTECA-RUSB/ Mon 005.7406 S211 
041 |a spa 
082 |a Mon 005.7406 S211 
100 1 |a Sánchez Cortéz, Mauricio Ramón 
100 1 |b Hamerlin Ramón, Silva 
100 1 |c Rodríguez Velázquez, Alejandro José 
245 1 0 |a Propuesta para el desarrollo de una aplicación para administrar los servicios del registro civil de las alcaldías de los municipios del departamento de Managua 
260 |a Managua  |b UNI  |c 2008 
300 |a 68 p. :il. 
500 |a Contiene: anexos. 
502 |a Tesis (Ingeniero en Computación) - UNI, 2008. 
520 3 |a Presenta una presenta que consiste en desarrollar un mismo sistema para las ocho municipales, para armonizar los procesos de trabajo utilizando herramientas informáticas. Todo este siempre guiados por el manual del registrador aprobado por el CSE. 
650 7 |a AUTOMATIZACION DE DOCUMENTOS 
650 7 |b  BASES DE DATOS 
650 7 |c  SISTEMA DE REGISTRO CIVIL DE LAS PERSONAS-MUNICIPIOS 
650 7 |d  INGENIERIA DE SOFWARE 
700 1 |a Tutor:  |b Chávez Mairena, Luis Eduardo 
942 |c BK  |2 ddc 
991 |a TESIS 
999 |c 19838